00226nam a22000977a 4500082001200000100002400012245003100036260003800067300000800105650001500113 a190 PER aPerry, Ralph Barton aThe Approach to Philosophy aNew YorkbCharles Scribner's Sons a448 aPhilosophy